[Event "16th Dubai Open 2014"]
[Site "Dubai UAE"]
[Date "2014.04.15"]
[Round "9.3"]
[White "Stevic, Hrvoje"]
[Black "Jones, Gawain C B"]
[Result "1/2-1/2"]
[WhiteElo "2607"]
[BlackElo "2650"]
[PlyCount "137"]
[EventDate "2014.04.07"]

1. e4 c5 2. c3 d6 3. d4 Nf6 4. dxc5 Nc6 5. Qc2 dxc5 6. Bf4 Nh5 7. Be3 e5 8. Qd1
Qxd1+ 9. Kxd1 f5 10. f3 fxe4 11. fxe4 Nf6 12. Nd2 Ng4 13. Ke2 Nxe3 14. Kxe3 g6
15. Bc4 Bh6+ 16. Ke2 Bg4+ 17. Ngf3 O-O-O 18. Rad1 Rhf8 19. h3 Rxd2+ 20. Rxd2
Bxf3+ 21. gxf3 Bxd2 22. Kxd2 Rxf3 23. Ke2 Rf4 24. Ke3 Kc7 25. Rd1 h5 26. Be6
Rf6 27. Bd5 Nd8 28. Bc4 Rd6 29. Rf1 Kd7 30. Rf8 Ke7 31. Rg8 Kf6 32. h4 Ne6 33.
Kf3 b6 34. Bd5 a5 35. c4 Nf4 36. Rf8+ Ke7 37. Rf7+ Ke8 38. Rg7 Rf6 39. Kg3 Nxd5
40. cxd5 a4 41. Ra7 Rf4 42. Rxa4 Rg4+ 43. Kh3 Kd7 44. b3 Kd6 45. Ra6 Rxe4 46.
Rxb6+ Kxd5 47. Rxg6 Re1 48. Rg5 Ra1 49. Rxh5 Rxa2 50. Rg5 Ra3 51. Rg3 e4 52.
Rc3 Ra5 53. Kg4 Kd4 54. Rc1 Kd3 55. Rd1+ Ke2 56. Rd5 e3 57. b4 Ra4 58. Rxc5 Kf2
59. Rf5+ Kg2 60. Re5 Rxb4+ 61. Kg5 Kf3 62. h5 e2 63. Rxe2 Kxe2 64. h6 Kf3 65.
h7 Rb8 66. Kg6 Kf4 67. Kg7 Kg5 68. h8=Q Rxh8 69. Kxh8 1/2-1/2

[Event "16th Dubai Open 2014"]
[Site "Dubai UAE"]
[Date "2014.04.15"]
[Round "9.4"]
[White "Kuzubov, Yuriy"]
[Black "Rakhmanov, Aleksandr"]
[Result "1-0"]
[WhiteElo "2639"]
[BlackElo "2610"]
[PlyCount "115"]
[EventDate "2014.04.07"]

1. c4 g6 2. d4 Bg7 3. Nc3 d6 4. e4 Nc6 5. d5 Nd4 6. Be3 e5 7. Nge2 Nxe2 8. Bxe2
f5 9. exf5 gxf5 10. Bh5+ Kf8 11. f4 e4 12. c5 Nf6 13. O-O Bd7 14. Rc1 b6 15.
cxd6 cxd6 16. a4 Rc8 17. Be2 h5 18. Qd2 Ng4 19. Bxg4 Bxc3 20. Rxc3 hxg4 21.
Rxc8 Bxc8 22. Rc1 Bd7 23. Bf2 Kf7 24. Qd4 Rh7 25. Rc3 Qh8 26. Rc7 Ke7 27. Qxh8
Rxh8 28. Rxa7 Rc8 29. Bxb6 Rc1+ 30. Kf2 Rc2+ 31. Kg3 Rxb2 32. a5 Rb3+ 33. Kf2
Rb2+ 34. Kg3 Rb3+ 35. Kh4 e3 36. Kg3 Ke8 37. Ra8+ Kf7 38. Ra7 Ke8 39. Kh4 e2
40. Bf2 Rb1 41. a6 e1=Q 42. Bxe1 Rxe1 43. Rb7 Ra1 44. a7 Ke7 45. Kg5 Ra3 46.
Kg6 Ra2 47. h4 gxh3 48. gxh3 Rg2+ 49. Kh6 Ra2 50. h4 Ra1 51. h5 Ra2 52. Kg7
Rg2+ 53. Kh8 Ra2 54. h6 Ra1 55. h7 Ra2 56. Rxd7+ Kxd7 57. Kg7 Ke7 58. h8=Q 1-0

[Event "16th Dubai Open 2014"]
[Site "Dubai UAE"]
[Date "2014.04.15"]
[Round "9.5"]
[White "Istratescu, Andrei"]
[Black "Carlsson, Pontus"]
[Result "1-0"]
[WhiteElo "2667"]
[BlackElo "2486"]
[PlyCount "97"]
[EventDate "2014.04.07"]

1. d4 Nf6 2. c4 e6 3. Nf3 b6 4. a3 Ba6 5. Qb3 c5 6. d5 exd5 7. cxd5 d6 8. g3 g6
9. Bf4 Bg7 10. Qe3+ Qe7 11. Qxe7+ Kxe7 12. Nc3 Nbd7 13. e4 Bxf1 14. Rxf1 Ng4
15. O-O-O a6 16. Kc2 b5 17. h3 Nge5 18. Bg5+ Kf8 19. Nxe5 Nxe5 20. Bc1 Nf3 21.
Ne2 c4 22. Ng1 Nd4+ 23. Kb1 Re8 24. Rfe1 Nb3 25. Bf4 Ke7 26. Be3 Kd7 27. f3
Rhf8 28. Ne2 Re7 29. Nc3 Rb8 30. Kc2 f5 31. Bg5 Ree8 32. Kb1 Nc5 33. exf5 gxf5
34. g4 Nd3 35. Rxe8 Rxe8 36. gxf5 Rf8 37. f6 Bxf6 38. Bxf6 Rxf6 39. Rg1 Rf7 40.
Rg8 Rxf3 41. Rg7+ Kd8 42. Ne4 Re3 43. Nxd6 Nc5 44. Rxh7 Na4 45. Nb7+ Kc8 46. d6
Nb6 47. Rc7+ Kb8 48. Nc5 Re1+ 49. Kc2 1-0

[Event "16th Dubai Open 2014"]
[Site "Dubai UAE"]
[Date "2014.04.15"]
[Round "9.6"]
[White "Bogner, Sebastian"]
[Black "Balogh, Csaba"]
[Result "1/2-1/2"]
[WhiteElo "2587"]
[BlackElo "2656"]
[PlyCount "73"]
[EventDate "2014.04.07"]

1. d4 d5 2. c4 c6 3. cxd5 cxd5 4. Nc3 Nf6 5. Bf4 Nc6 6. e3 a6 7. Bd3 Bg4 8.
Nge2 e6 9. O-O Be7 10. Rc1 O-O 11. Na4 Nd7 12. a3 Rc8 13. Qb3 b5 14. Nac3 Bh5
15. Bg3 Na5 16. Qa2 Bg6 17. Nf4 Qb6 18. Nxg6 hxg6 19. Rc2 Bd6 20. Rfc1 Bxg3 21.
hxg3 Qb7 22. Ne2 Rxc2 23. Rxc2 Rc8 24. Rxc8+ Qxc8 25. b4 Nc4 26. a4 bxa4 27.
Qxa4 Ndb6 28. Qa2 Qf8 29. Qb3 Qd6 30. Nc3 a5 31. bxa5 Nxa5 32. Qb5 Nac4 33.
Qe8+ Qf8 34. Qc6 Qd6 35. Qe8+ Qf8 36. Qc6 Qd6 37. Qe8+ 1/2-1/2

[Event "16th Dubai Open 2014"]
[Site "Dubai UAE"]
[Date "2014.04.15"]
[Round "9.7"]
[White "Brkic, Ante"]
[Black "Amin, Bassem"]
[Result "1/2-1/2"]
[WhiteElo "2568"]
[BlackElo "2637"]
[PlyCount "116"]
[EventDate "2014.04.07"]

1. e4 e6 2. d4 d5 3. Nc3 Bb4 4. e5 c5 5. a3 Bxc3+ 6. bxc3 Ne7 7. Qg4 O-O 8. Bd3
Nbc6 9. Qh5 Ng6 10. Nf3 Qc7 11. Be3 c4 12. Bxg6 fxg6 13. Qg4 Qf7 14. Ng5 Qe8
15. h4 Bd7 16. Qe2 h6 17. Nh3 Ne7 18. g4 b5 19. h5 gxh5 20. g5 hxg5 21. Nxg5 g6
22. Kd2 a5 23. Rag1 Rf5 24. Nf3 Qf7 25. Nh4 Kf8 26. Rg2 Qh7 27. Bg5 Be8 28.
Rhg1 Ra7 29. Qe3 Rb7 30. f3 Rc7 31. Bxe7+ Rxe7 32. Nxf5 exf5 33. Qg5 Qg7 34.
Re1 Re6 35. Qd8 Qe7 36. Qxe7+ Kxe7 37. Ke3 a4 38. Kf4 Kf7 39. Kg5 Kg7 40. f4 b4
41. cxb4 Bb5 42. Kh4 Kh6 43. c3 Kh7 44. Rgg1 Kh6 45. Rg2 Kh7 46. Rg3 Kh6 47.
Rg5 Kh7 48. Kg3 Kg7 49. Rh1 Kh6 50. Rh2 Kh7 51. Rh1 Kh6 52. Rh2 Kh7 53. Kh4 Kg7
54. Rg3 Kh6 55. Rgg2 Kh7 56. Kg5 Kg7 57. Rg1 Kh7 58. Kh4 Kh6 1/2-1/2

[Event "16th Dubai Open 2014"]
[Site "Dubai UAE"]
[Date "2014.04.15"]
[Round "9.8"]
[White "Ghaem Maghami, Ehsan"]
[Black "Solak, Dragan"]
[Result "1/2-1/2"]
[WhiteElo "2556"]
[BlackElo "2635"]
[PlyCount "143"]
[EventDate "2014.04.07"]

1. c4 c6 2. d4 d5 3. e3 Bf5 4. Qb3 Qc7 5. Nf3 e6 6. Nc3 h6 7. Bd2 Nd7 8. Be2
Ngf6 9. Rc1 Qb6 10. O-O Be7 11. Rfd1 O-O 12. Na4 Qxb3 13. axb3 Rac8 14. Be1 Bd6
15. Nc3 Rfe8 16. Bd3 Bxd3 17. Rxd3 e5 18. dxe5 Nc5 19. Rdd1 Bxe5 20. Nxe5 Rxe5
21. Ra1 a6 22. Ra3 Rd8 23. Kf1 Rd7 24. b4 Nce4 25. b5 axb5 26. cxb5 c5 27. Ra8+
Kh7 28. Na4 d4 29. Nb6 Rde7 30. f3 Nd6 31. exd4 cxd4 32. Bb4 Nf5 33. Bxe7 Ne3+
34. Ke2 Nxd1+ 35. Kxd1 Rxe7 36. Kd2 Re5 37. Ra5 Nd5 38. Nc4 Rg5 39. g4 b6 40.
h4 Rg6 41. Ra7 Rf6 42. Rd7 Nf4 43. Rxd4 Ne6 44. Rd3 Nc5 45. Re3 Rf4 46. Nxb6
Rb4 47. Kc2 Rxb5 48. Nc4 Ne6 49. Kc3 h5 50. b4 hxg4 51. fxg4 Nf4 52. Re5 Rb7
53. b5 Rd7 54. Re4 Nd5+ 55. Kb3 Nf6 56. Rf4 Rd3+ 57. Kc2 Rd5 58. Na3 Kg8 59.
Rb4 g5 60. h5 Nd7 61. Kc3 f5 62. b6 fxg4 63. b7 g3 64. Rg4 Rc5+ 65. Kd4 Rc7 66.
Rxg5+ Kh7 67. Rxg3 Rxb7 68. Rg6 Rb4+ 69. Nc4 Nb6 70. Rxb6 Rxb6 71. Nxb6 Kh6 72.
Ke4 1/2-1/2

[Event "16th Dubai Open 2014"]
[Site "Dubai UAE"]
[Date "2014.04.15"]
[Round "9.9"]
[White "Jankovic, Alojzije"]
[Black "Mchedlishvili, Mikheil"]
[Result "1/2-1/2"]
[WhiteElo "2554"]
[BlackElo "2628"]
[PlyCount "66"]
[EventDate "2014.04.07"]

1. c4 e5 2. Nc3 Nc6 3. g3 g6 4. Bg2 Bg7 5. d3 d6 6. e3 Nf6 7. Rb1 O-O 8. b4 Ne7
9. Nd5 Nexd5 10. cxd5 Bd7 11. Ne2 c6 12. Nc3 Qc8 13. dxc6 Bxc6 14. e4 Bd7 15.
Bd2 Bg4 16. Qc1 Qd7 17. O-O Rfc8 18. Qb2 Be6 19. Rbc1 d5 20. exd5 Nxd5 21. Ne4
b6 22. Ng5 Bf5 23. Qb3 Rxc1 24. Rxc1 Rd8 25. Be4 h6 26. Bxf5 Qxf5 27. Ne4 Kh7
28. Rc6 Rd7 29. Kg2 Ne7 30. Rc1 Nd5 31. Rc6 Ne7 32. Rc1 Nd5 33. Rc6 Ne7 1/2-1/2

[Event "16th Dubai Open 2014"]
[Site "Dubai UAE"]
[Date "2014.04.15"]
[Round "9.10"]
[White "Petrosian, Tigran L"]
[Black "Ahmadinia, Ebrahim"]
[Result "1-0"]
[WhiteElo "2627"]
[BlackElo "2353"]
[PlyCount "155"]
[EventDate "2014.04.07"]

1. Nf3 d5 2. g3 Nf6 3. Bg2 Bf5 4. c4 e6 5. Qb3 Na6 6. d3 Nc5 7. Qc2 c6 8. O-O
h6 9. Be3 Ncd7 10. Qb3 Qc7 11. cxd5 exd5 12. Nc3 Bd6 13. Rac1 Qb8 14. Nh4 Bh7
15. Bd4 O-O 16. e4 dxe4 17. dxe4 Re8 18. Rfe1 Be5 19. Rcd1 Bxd4 20. Rxd4 Qc7
21. Red1 a5 22. Qc2 Nc5 23. Nf5 Bxf5 24. exf5 Qe7 25. Qd2 Rac8 26. Nb1 b6 27.
Na3 Nce4 28. Qf4 c5 29. R4d3 c4 30. Re3 Qc7 31. Qxc7 Rxc7 32. Nb5 Rce7 33. Bxe4
Nxe4 34. Rd4 Nc5 35. Rxe7 Rxe7 36. Na3 c3 37. bxc3 Re2 38. Nc4 b5 39. Nxa5 Rxa2
40. Nc6 Ra3 41. Rd8+ Kh7 42. Ne5 Ra7 43. h4 h5 44. Kg2 Ne4 45. Nd7 g5 46. hxg5
Nxg5 47. Nf6+ Kh6 48. Rc8 Ra2 49. Rc6 Nh7 50. Nd7+ Kg5 51. Rc5 Rb2 52. Ne5 Kf6
53. Nd3 Rc2 54. Nb4 Rd2 55. Rxb5 Ng5 56. Nd5+ Kxf5 57. Nf4+ Kg4 58. Nd5 Kf5 59.
c4 f6 60. Nf4+ Kg4 61. Nd5 Kf5 62. Ra5 Kg6 63. Nf4+ Kh6 64. Rf5 Ne4 65. Kf3
Nxf2 66. Rxf6+ Kg5 67. Ra6 Rc2 68. Ra5+ Kf6 69. Nxh5+ Kf7 70. Ra7+ Ke6 71. Nf4+
Kd6 72. c5+ Ke5 73. Re7+ Kf6 74. Nd5+ Kg6 75. c6 Nh3 76. c7 Ng5+ 77. Ke3 Nf7
78. Re8 1-0

[Event "16th Dubai Open 2014"]
[Site "Dubai UAE"]
[Date "2014.04.15"]
[Round "9.11"]
[White "Ismagambetov, Anuar"]
[Black "Andriasian, Zaven"]
[Result "0-1"]
[WhiteElo "2493"]
[BlackElo "2603"]
[PlyCount "118"]
[EventDate "2014.04.07"]

1. e4 c5 2. Nf3 d6 3. d4 cxd4 4. Nxd4 Nf6 5. Nc3 a6 6. Bg5 e6 7. Qd3 Nbd7 8.
O-O-O h6 9. Bh4 Ne5 10. Qd2 g5 11. Bg3 Qc7 12. h4 Rg8 13. hxg5 hxg5 14. f3 Bd7
15. Kb1 Rb8 16. Bf2 b5 17. Bd3 b4 18. Nce2 a5 19. Ng3 Be7 20. Rh6 Ng6 21. Rdh1
a4 22. Be3 a3 23. b3 d5 24. Nde2 dxe4 25. Nxe4 Nd5 26. Bd4 Bb5 27. Bxb5+ Rxb5
28. c4 bxc3 29. N2xc3 Nxc3+ 30. Qxc3 Qxc3 31. Bxc3 Nf4 32. g3 Nd5 33. Bd2 Rb8
34. Nxg5 Bxg5 35. Bxg5 Kd7 36. f4 Nc3+ 37. Ka1 Ne4 38. Rd1+ Kc6 39. Be7 Rxg3
40. f5 Nc3 41. Rc1 Kd5 42. Bxa3 Ra8 43. Kb2 Ne4 44. Rc2 exf5 45. Bb4 Rag8 46.
a4 f4 47. Ka3 f3 48. Rc7 f6 49. Rd7+ Ke6 50. Re7+ Kf5 51. Rxe4 Kxe4 52. Rxf6
R3g5 53. a5 Rf5 54. Rxf5 Kxf5 55. Bc5 Ke6 56. Kb4 Kd5 57. Be3 Kc6 58. Kc3 Rg2
59. Kd3 Ra2 0-1

[Event "16th Dubai Open 2014"]
[Site "Dubai UAE"]
[Date "2014.04.15"]
[Round "9.12"]
[White "Shyam, Sundar M"]
[Black "Lalith, Babu M.R"]
[Result "1/2-1/2"]
[WhiteElo "2481"]
[BlackElo "2594"]
[PlyCount "60"]
[EventDate "2014.04.07"]

1. e4 c6 2. c4 d5 3. cxd5 cxd5 4. exd5 Nf6 5. Nc3 Nxd5 6. Nf3 Nxc3 7. bxc3 g6
8. d4 Bg7 9. Bd3 O-O 10. O-O Nc6 11. Be4 Qc7 12. Re1 Na5 13. Bg5 Re8 14. Rc1
Nc4 15. Qb3 Rb8 16. Bh4 Bg4 17. Bg3 e5 18. Nxe5 Nxe5 19. Bd5 Rbd8 20. dxe5 Bxe5
21. Bxf7+ Qxf7 22. Bxe5 Rd2 23. Bd4 Rxe1+ 24. Rxe1 Qxb3 25. axb3 Rd1 26. Rxd1
Bxd1 27. Bxa7 Bxb3 28. f3 Kf7 29. Kf2 Ke6 30. Ke3 Bc4 1/2-1/2

[Event "16th Dubai Open 2014"]
[Site "Dubai UAE"]
[Date "2014.04.15"]
[Round "9.13"]
[White "Akopian, Vladimir"]
[Black "Debashis, Das"]
[Result "1-0"]
[WhiteElo "2674"]
[BlackElo "2504"]
[PlyCount "79"]
[EventDate "2014.04.07"]

1. e4 e5 2. Nf3 Nc6 3. Bb5 a6 4. Ba4 Nf6 5. O-O b5 6. Bb3 Bc5 7. c3 d6 8. a4
Rb8 9. d4 Bb6 10. axb5 axb5 11. Qd3 O-O 12. Bg5 h6 13. Bxf6 Qxf6 14. Qxb5 Bb7
15. Bd5 Na7 16. dxe5 dxe5 17. Qe2 Bxd5 18. exd5 Rbe8 19. Ra4 Qd6 20. Rd1 f5 21.
Na3 e4 22. Nd4 Qxd5 23. Nc4 Nc8 24. Nxb6 Nxb6 25. Rb4 f4 26. Rb5 Qc4 27. Qg4
Rf7 28. Rf5 e3 29. fxe3 fxe3 30. b3 Qxc3 31. Rxf7 Kxf7 32. Qh5+ g6 33. Rf1+ Kg7
34. Nf5+ gxf5 35. Qxe8 Qd4 36. Qe7+ Kg8 37. Qe6+ Kg7 38. Kh1 Nd5 39. Qd7+ Kg8
40. Qxf5 1-0

[Event "16th Dubai Open 2014"]
[Site "Dubai UAE"]
[Date "2014.04.15"]
[Round "9.14"]
[White "Demuth, Adrien"]
[Black "Lupulescu, Constantin"]
[Result "*"]
[WhiteElo "2482"]
[BlackElo "2660"]
[PlyCount "370"]
[EventDate "2014.04.07"]

1. d4 Nf6 2. c4 e6 3. Nc3 Bb4 4. Qc2 O-O 5. e4 d5 6. e5 Ne4 7. Bd3 c5 8. Nf3
cxd4 9. Nxd4 Nd7 10. Bf4 Ndc5 11. O-O Bxc3 12. bxc3 Bd7 13. cxd5 Ba4 14. Nb3
Nxd3 15. Qxd3 Qxd5 16. Qe3 Qc4 17. Rac1 Rfc8 18. Na5 Qd5 19. Nb3 Qc4 20. Na5
Qc7 21. Qxe4 Qxa5 22. Qxb7 Bc6 23. Qe7 Qxa2 24. Rfe1 Qd5 25. Qg5 Qd3 26. Re3
Qg6 27. c4 a5 28. Rg3 Qxg5 29. Bxg5 Kf8 30. Bd2 Rcb8 31. Be3 a4 32. Bc5+ Kg8
33. h3 Rb3 34. Rxb3 axb3 35. Rb1 Rb8 36. f3 f6 37. Bd6 Rb7 38. Kf2 Be8 39. c5
b2 40. Ke2 Rb3 41. c6 Bxc6 42. Kd2 Ba4 43. Bc5 fxe5 44. Bd6 e4 45. fxe4 Bc6 46.
Be5 Rb5 47. Bd4 Rg5 48. g4 h5 49. gxh5 Rxh5 50. Bxb2 Bxe4 51. Rg1 g6 52. Ke3
Bf5 53. Ra1 Bxh3 54. Ra8+ Kf7 55. Rh8 Rb5 56. Rh7+ Ke8 57. Bf6 Bf5 58. Ra7 Rb4
59. Kf3 Rc4 60. Re7+ Kf8 61. Ra7 Bg4+ 62. Ke3 Bf5 63. Kf3 Rc1 64. Bg7+ Ke8 65.
Kf4 Re1 66. Ra5 Kd7 67. Rc5 Rg1 68. Be5 g5+ 69. Kf3 g4+ 70. Kf2 Rd1 71. Rc7+
Ke8 72. Rg7 Rd3 73. Ba1 Kf8 74. Be5 Rf3+ 75. Kg1 Re3 76. Bd4 Re2 77. Bf6 Re3
78. Bd4 Rd3 79. Be5 Rd5 80. Bf6 Rb5 81. Kf2 Bc2 82. Rg5 Rb4 83. Be5 Re4 84. Bh8
Ke7 85. Be5 Kd7 86. Kg3 Bd1 87. Bf4 Bf3 88. Rc5 Ke7 89. Be5 Kf7 90. Bf4 Kf6 91.
Bg5+ Kg6 92. Bf4 Re2 93. Bc7 Re1 94. Kf4 Rf1 95. Rg5+ Kf7 96. Be5 Re1 97. Kg3
Re2 98. Kf4 Ke8 99. Kg3 Kd7 100. Bb8 Kc6 101. Kf4 Rb2 102. Be5 Rb3 103. Rg8
Rb4+ 104. Kg3 Re4 105. Bb8 e5 106. Re8 Kd5 107. Rd8+ Ke6 108. Re8+ Kf6 109. Ba7
Re2 110. Bf2 Kf7 111. Rb8 e4 112. Rb3 Ke6 113. Rc3 Kd6 114. Bc5+ Kc6 115. Bf2+
Kb5 116. Rc5+ Kb4 117. Re5 Ra2 118. Re8 Kc4 119. Rd8 Ra3 120. Kf4 Rd3 121. Rc8+
Kb3 122. Rc7 Rd1 123. Rb7+ Kc4 124. Rc7+ Kb5 125. Ke3 Rd3+ 126. Kf4 Rd2 127.
Kg3 Ra2 128. Rc5+ Kb4 129. Rc7 Bd1 130. Be3 Kb3 131. Bf2 Bf3 132. Rc8 Ra1 133.
Rc7 Rh1 134. Rc8 Rh3+ 135. Kf4 Rh2 136. Ke3 Rh3 137. Kf4 Rh2 138. Ke3 Bh1 139.
Bg3 Ra2 140. Bf2 Bf3 141. Rb8+ Kc4 142. Rc8+ Kb5 143. Bg3 Rg2 144. Bh4 Rh2 145.
Bg3 Rh3 146. Kf4 e3 147. Re8 e2 148. Be1 Rh1 149. Bf2 Rf1 150. Kg3 Kc6 151. Re5
Ra1 152. Re3 Rb1 153. Kf4 Kd6 154. Kg3 Rd1 155. Kf4 Kd5 156. Kg3 Kc4 157. Re8
Rd3 158. Rc8+ Kb3 159. Rc7 Kb2 160. Rc5 Rd1 161. Re5 Kc2 162. Re7 Rd3 163. Ra7
Rb3 164. Rc7+ Kb2 165. Kf4 Rc3 166. Re7 Kc2 167. Kg3 Rd3 168. Ra7 Kb2 169. Rc7
Kb3 170. Re7 Rd8 171. Re6 Rh8 172. Re7 Rh3+ 173. Kf4 Rh2 174. Bg3 Rg2 175. Re8
Kc4 176. Rc8+ Kd4 177. Re8 Kc5 178. Re3 Kd6 179. Rd3+ Bd5 180. Re3 Be6 181. Be1
Bd5 182. Bg3 Bf3 183. Rd3+ Kc5 184. Re3 Kc4 185. Re7 Rg1 *

[Event "16th Dubai Open 2014"]
[Site "Dubai UAE"]
[Date "2014.04.15"]
[Round "9.15"]
[White "Iordachescu, Viorel"]
[Black "Melia, Salome"]
[Result "1-0"]
[WhiteElo "2601"]
[BlackElo "2459"]
[PlyCount "81"]
[EventDate "2014.04.07"]

1. Nf3 Nf6 2. c4 e6 3. g3 d5 4. Bg2 Be7 5. O-O O-O 6. b3 b6 7. cxd5 Nxd5 8. Bb2
Bb7 9. d4 Nd7 10. Nbd2 c5 11. a3 cxd4 12. Nxd4 Rc8 13. Nc4 a6 14. Nf5 exf5 15.
Bxd5 Bxd5 16. Qxd5 b5 17. Ne3 Rc5 18. Qd2 Bf6 19. Rac1 Bxb2 20. Qxb2 Qg5 21.
Qd4 Rxc1 22. Rxc1 Nf6 23. Rc5 Qh5 24. f3 Qh3 25. Nxf5 Re8 26. Re5 g6 27. Rxe8+
Nxe8 28. Ne7+ Kf8 29. Nd5 Kg8 30. Qe5 Qe6 31. Ne7+ Kf8 32. Qxe6 fxe6 33. Nc6
Nc7 34. Kf2 Ke8 35. Ke3 Kd7 36. Ne5+ Kd6 37. Kd4 a5 38. a4 bxa4 39. bxa4 Nd5
40. Nc4+ Kc7 41. e4 1-0

[Event "16th Dubai Open 2014"]
[Site "Dubai UAE"]
[Date "2014.04.15"]
[Round "9.16"]
[White "Bachmann, Axel"]
[Black "Swapnil, S. Dhopade"]
[Result "1/2-1/2"]
[WhiteElo "2598"]
[BlackElo "2438"]
[PlyCount "176"]
[EventDate "2014.04.07"]

1. e4 c5 2. Nf3 e6 3. d4 cxd4 4. Nxd4 Nc6 5. Nc3 Qc7 6. f4 a6 7. Nxc6 Qxc6 8.
Bd3 b5 9. Qe2 Bb7 10. Bd2 Bc5 11. O-O-O Ne7 12. a3 O-O 13. Rhf1 f5 14. g4 d5
15. gxf5 exf5 16. exf5 Nxf5 17. Bxf5 Rxf5 18. Qd3 Rh5 19. Ne2 Rxh2 20. Bc3 d4
21. Bxd4 Bxd4 22. Nxd4 Qe4 23. Qb3+ Qd5 24. Qxd5+ Bxd5 25. Rfe1 Rc8 26. c3 Rf8
27. f5 g6 28. Re5 Bc4 29. Rg1 Kh8 30. fxg6 hxg6 31. b3 Bd3 32. Re3 Ra2 33. Rh1+
Kg8 34. Reh3 Ra1+ 35. Kd2 Rxh1 36. Rxh1 Be4 37. Rg1 Rf6 38. Ke3 Bd5 39. Rg5 Bf7
40. Rc5 Kg7 41. b4 Rf1 42. Rc6 g5 43. Rc5 Kf6 44. Nf3 g4 45. Nh2 Rg1 46. Kf2
Ra1 47. Nxg4+ Ke7 48. Rc7+ Kf8 49. Ne5 Bb3 50. Ke3 Rxa3 51. Ra7 Ra1 52. Nd7+
Ke8 53. Nc5 Bc4 54. Rxa6 Rc1 55. Kd4 Ke7 56. Ra7+ Kd6 57. Ne4+ Kc6 58. Ra6+ Kb7
59. Rd6 Re1 60. Nd2 Rh1 61. Rf6 Rd1 62. Ke3 Re1+ 63. Kf4 Bd5 64. Rd6 Bc6 65.
Nb3 Kc7 66. Rd3 Re4+ 67. Kf5 Re1 68. Rg3 Bd5 69. Nd4 Bc4 70. Kf4 Rc1 71. Ke4
Re1+ 72. Re3 Rc1 73. Ke5 Rh1 74. Nf5 Rd1 75. Rg3 Rc1 76. Ne3 Bb3 77. Kd4 Be6
78. Rf3 Rh1 79. Ke5 Bb3 80. Rf6 Rh3 81. Kd4 Rh4+ 82. Kd3 Bc4+ 83. Nxc4 Rxc4 84.
Re6 Kb7 85. Re4 Rc8 86. c4 bxc4+ 87. Rxc4 Rxc4 88. Kxc4 Kc6 1/2-1/2

[Event "16th Dubai Open 2014"]
[Site "Dubai UAE"]
[Date "2014.04.15"]
[Round "9.17"]
[White "Isaev, Jamshed"]
[Black "Stojanovic, Mihajlo"]
[Result "0-1"]
[WhiteElo "2331"]
[BlackElo "2568"]
[PlyCount "112"]
[EventDate "2014.04.07"]

1. e4 e6 2. d4 d5 3. Nc3 Nf6 4. e5 Nfd7 5. f4 c5 6. Nf3 a6 7. Be3 Qb6 8. Na4
Qa5+ 9. c3 cxd4 10. b4 Qc7 11. Qxd4 Nc6 12. Qd2 Be7 13. Bd3 b5 14. Nb2 a5 15.
bxa5 Rxa5 16. O-O O-O 17. Nd4 Ba6 18. Qe2 Nc5 19. Nb3 Nxd3 20. Nxd3 Ra3 21.
Ndc5 Qc8 22. Qb2 Ra4 23. Rfb1 Rc4 24. Nxa6 Qxa6 25. Nd2 Ba3 26. Qxb5 Qxb5 27.
Rxb5 Rxc3 28. Bf2 Ra8 29. Nb3 h6 30. Nd4 Nxd4 31. Bxd4 Rc1+ 32. Rxc1 Bxc1 33.
f5 Rxa2 34. Rb8+ Kh7 35. Rb7 Ra4 36. Bc5 Rc4 37. fxe6 fxe6 38. Be7 Kg6 39. h3
Bf4 40. Bd6 Bg3 41. Rb1 Re4 42. Kf1 Bxe5 43. Bxe5 Rxe5 44. Kf2 d4 45. Rb4 Re4
46. Rb6 Kf5 47. Rb7 Kf6 48. Rb6 h5 49. Rd6 h4 50. Kf3 Re3+ 51. Kg4 Ke5 52. Rd7
Rg3+ 53. Kxh4 Rxg2 54. Kh5 g6+ 55. Kh4 g5+ 56. Kh5 Rg3 0-1

[Event "16th Dubai Open 2014"]
[Site "Dubai UAE"]
[Date "2014.04.15"]
[Round "9.18"]
[White "Kotsur, Pavel"]
[Black "Pourramezanali, Amirreza"]
[Result "1-0"]
[WhiteElo "2557"]
[BlackElo "2435"]
[PlyCount "97"]
[EventDate "2014.04.07"]

1. c4 Nf6 2. Nc3 e6 3. d4 d5 4. cxd5 exd5 5. Bg5 Be7 6. e3 c6 7. Bd3 Nbd7 8.
Qc2 Nh5 9. Bxe7 Qxe7 10. Nge2 Nb6 11. O-O g6 12. Rae1 O-O 13. Nc1 Be6 14. f3 c5
15. dxc5 Qxc5 16. Nb3 Qe7 17. Nd4 Rac8 18. Qf2 Ng7 19. Rc1 Bd7 20. Rfe1 Ne6 21.
Rcd1 Nxd4 22. exd4 Qd6 23. a3 Rfe8 24. Qg3 Qxg3 25. hxg3 Rxe1+ 26. Rxe1 Re8 27.
Rd1 h5 28. Kf2 Kg7 29. Ne2 Kf6 30. Nf4 Rc8 31. Re1 Re8 32. Rc1 Ke7 33. Rc7 Rb8
34. b4 Kd6 35. Rc5 a6 36. Bc2 g5 37. Nd3 Nc4 38. Bb3 b6 39. Bxc4 bxc5 40. dxc5+
Kc7 41. Bxa6 d4 42. Ne5 Be8 43. Nc4 f6 44. Nd6 Bg6 45. Nb5+ Kc6 46. Nxd4+ Kd5
47. c6 Kd6 48. Bb7 Bd3 49. Ne6 1-0

[Event "16th Dubai Open 2014"]
[Site "Dubai UAE"]
[Date "2014.04.15"]
[Round "9.19"]
[White "Mastrovasilis, Athanasios"]
[Black "Raes, Abdul Kader"]
[Result "1/2-1/2"]
[WhiteElo "2535"]
[BlackElo "2248"]
[PlyCount "97"]
[EventDate "2014.04.07"]

1. d4 Nf6 2. c4 e5 3. dxe5 Ng4 4. e3 Nxe5 5. Nh3 Bb4+ 6. Bd2 Bxd2+ 7. Qxd2 d6
8. Nf4 Bg4 9. Nc3 Nbd7 10. h3 Be6 11. Nxe6 fxe6 12. f4 Qh4+ 13. Qf2 Qxf2+ 14.
Kxf2 Nc6 15. Be2 Nc5 16. Rhd1 Rf8 17. Kg1 a5 18. Rab1 a4 19. Rd2 Rf7 20. g3 Ra6
21. Kg2 Nb4 22. Bh5 g6 23. Bf3 Nc6 24. h4 h5 25. Kh3 Ne7 26. Nb5 Nf5 27. Re1
Ng7 28. Kg2 Rd7 29. Bd1 Ke7 30. Bc2 c6 31. Nc3 Kf7 32. Red1 Ne8 33. Kh3 Kg7 34.
e4 Re7 35. e5 d5 36. Rg1 Rb6 37. Bb1 Rb4 38. g4 Rxc4 39. gxh5 Rxf4 40. Bxg6 Kh6
41. Rdg2 Ng7 42. Ne2 Rf3+ 43. Kh2 Nf5 44. Bxf5 Rxf5 45. Nd4 Rxh5 46. Nf3 Ne4
47. Rg8 Kh7 48. Rf8 Rf5 49. Rxf5 1/2-1/2

[Event "16th Dubai Open 2014"]
[Site "Dubai UAE"]
[Date "2014.04.15"]
[Round "9.20"]
[White "Georgiadis, Nico"]
[Black "Dizdar, Goran"]
[Result "1-0"]
[WhiteElo "2421"]
[BlackElo "2513"]
[PlyCount "60"]
[EventDate "2014.04.07"]

1. e4 e6 2. d4 d5 3. Nc3 Bb4 4. e5 b6 5. a3 Bxc3+ 6. bxc3 Qd7 7. Qg4 f5 8. Qg3
Ba6 9. Bxa6 Nxa6 10. Ne2 Kf7 11. a4 Ne7 12. h4 c5 13. Qd3 Nb8 14. h5 h6 15. O-O
Nbc6 16. Ba3 Rhc8 17. Rfd1 Qc7 18. c4 dxc4 19. Qg3 Rd8 20. c3 g5 21. hxg6+ Nxg6
22. d5 Ncxe5 23. dxe6+ Kf6 24. Rxd8 Rxd8 25. Re1 Rd3 26. Qh2 Qd6 27. Nd4 Qd8
28. Qxh6 Rxc3 29. e7 Qxe7 30. f4 Qd8 1-0

[Event "16th Dubai Open 2014"]
[Site "Dubai UAE"]
[Date "2014.04.15"]
[Round "9.21"]
[White "Rahman, Ziaur"]
[Black "Krishna, C.R.G."]
[Result "1-0"]
[WhiteElo "2513"]
[BlackElo "2343"]
[PlyCount "85"]
[EventDate "2014.04.07"]

1. Nf3 d5 2. g3 Nf6 3. Bg2 c6 4. O-O Bf5 5. d3 e6 6. Nbd2 Be7 7. b3 O-O 8. Bb2
h6 9. c4 a5 10. a3 Nbd7 11. Ra2 Qb6 12. Qa1 Rfc8 13. Ne5 Nc5 14. Bd4 Qd8 15.
Rc1 a4 16. Bxc5 Bxc5 17. b4 Be7 18. e4 Bh7 19. exd5 exd5 20. Bh3 Rc7 21. c5 Bf8
22. Re1 g5 23. Ndf3 Bg7 24. Nd4 g4 25. Bf1 Re7 26. Re3 Qc7 27. Rae2 Rae8 28.
Qe1 Kf8 29. b5 Rxe5 30. Rxe5 Rxe5 31. Rxe5 Ne4 32. Rh5 Ng5 33. Rxg5 hxg5 34.
Qb4 Qe5 35. Qa5 Bf6 36. bxc6 bxc6 37. Nxc6 Qa1 38. Nb4 Qxa3 39. Nxd5 Bxd3 40.
Nxf6 Bxf1 41. Qd8+ Kg7 42. Ne8+ Kh7 43. Qf6 1-0

[Event "16th Dubai Open 2014"]
[Site "Dubai UAE"]
[Date "2014.04.15"]
[Round "9.22"]
[White "Nezad, Husein Aziz"]
[Black "Kostenko, Petr"]
[Result "0-1"]
[WhiteElo "2366"]
[BlackElo "2506"]
[PlyCount "120"]
[EventDate "2014.04.07"]

1. d4 Nf6 2. c4 b6 3. Nf3 Bb7 4. Nc3 e6 5. g3 Bb4 6. Bd2 O-O 7. Bg2 d5 8. Ne5
c6 9. O-O dxc4 10. Bg5 h6 11. Bxf6 Qxf6 12. Ne4 Qd8 13. Nxc4 Be7 14. Rc1 a5 15.
Qb3 b5 16. Ne3 Qxd4 17. Rfd1 Qa7 18. Qc3 c5 19. Ng4 f5 20. Qe5 fxg4 21. Qxe6+
Rf7 22. Nxc5 Bxg2 23. Kxg2 Bg5 24. Rc3 Qe7 25. Qxg4 Bf6 26. Rc2 Nc6 27. Rd7 Ne5
28. Qe4 Nxd7 29. Qxa8+ Kh7 30. Nxd7 Qxd7 31. Qxa5 Bd4 32. f3 Ba7 33. Rd2 Qc6
34. Qc3 Qb6 35. Qd3+ g6 36. e3 Qxe3 37. Qxe3 Bxe3 38. Rd5 Rb7 39. f4 Bc1 40. b3
b4 41. Rc5 Bb2 42. Rc4 Bf6 43. Kf3 Be7 44. Ke4 Kg7 45. Kd5 Kf7 46. Rc2 Rd7+ 47.
Kc6 Rd3 48. Re2 h5 49. Kb5 Rd4 50. Ka4 Kf6 51. Kb5 h4 52. Rc2 Kf5 53. Re2 Bd6
54. Kc6 Rd3 55. Re8 Rd2 56. Rd8 Ke6 57. Re8+ Be7 58. gxh4 Rxa2 59. h5 gxh5 60.
f5+ Kf7 0-1